000
00278nam a2200109Ia 4500
008
200302s9999 xx 000 0 und d
100
_a
Arthur Lyons
245
_a
Materials for Architects & Builders 3rd ed.
260
_b
Butterworth-Heinemann
260
_c
2007
300
_a
368 P.,
999
_c
5139
_d
5139